Operación verdad : (Registro nro. 13458)
[ vista simple ]
| 000 -LIDER | |
|---|---|
| fixed length control field | 00977nam a2200277 a 4500 |
| 001 - NÚMERO DE CONTROL | |
| Identificador de número de control | 000028707 |
| 003 - IDENTIFICACDOR DE NÚMERO DE CONTROL | |
| control field | DO-SdBNP |
| 005 - DATE AND TIME OF LATEST TRANSACTION | |
| control field | 20210506122915.0 |
| 008 - ELEMENTOS DE LONGITUD FIJA | |
| fixed length control field | 110411s1991 dr ab 001 0 spa d |
| 040 ## - FUENTE DE CATALOGACIÓN | |
| Agencia que crea de manera original el registro | BPMSU |
| Idioma de catalogación | spa |
| Agencia que realiza la transcripción | BPMSU |
| 049 ## - LOCAL HOLDINGS (OCLC) | |
| Holding library | |
| 082 #4 - NÚMERO DE CLASIFICACIÓN DECIMAL DE DEWEY | |
| Classification number | 303.729307291 |
| Item number | D473o 1991 |
| Edition number | 22 |
| 100 1# - ASIENTO PRINCIPAL -- NOMBRE PERSONAL | |
| Nombre personal | Despradel, Fidelio |
| Fechas asociadas con el nombre | 1937- |
| 245 10 - MENCIÓN DE TITULO | |
| Título | Operación verdad : |
| Subtítulo | de héroes y traidores / |
| Mención de responsabilidad | Fidelio Despradel |
| 250 ## - MENCIÓN DE EDICION | |
| Mención de edición | 2a. ed. |
| 260 ## - PUBLICACIÓN, DISTRIBUCIÓN, ETC. (PIE DE IMPRENTA) | |
| Lugar de publicación, distribución, etc | Santo Domingo : |
| Nombre del editor, distribuidor, etc. | Alfa & Omega, |
| Fecha de publicación, distribución, etc | 1991 |
| 300 ## - DESCRIPCIÓN FÍSICA | |
| Extensión | 238, [12] p. : |
| Otros detalles físicos | ils., retrs. ; |
| Dimensiones | 21 cm. |
| 500 ## - NOTA GENERAL | |
| Nota general | Incluye referencias bibliográficas y notas al pie de las páginas. |
| 590 ## - NOTA LOCAL | |
| Enlace | Inventariado, 2021/VM |
| 650 #4 - ENCABEZAMIENTO DE MATERIA--TEMÁTICO | |
| Término temático o nombre geográfico como elemento de entrada | Luchas sociales |
| Subdivisión geográfica | República Dominicana |
| 650 #4 - ENCABEZAMIENTO DE MATERIA--TEMÁTICO | |
| Término temático o nombre geográfico como elemento de entrada | Luchas sociales |
| Subdivisión geográfica | Cuba |
| 650 #4 - ENCABEZAMIENTO DE MATERIA--TEMÁTICO | |
| Término temático o nombre geográfico como elemento de entrada | Homicidios políticos |
| Subdivisión geográfica | República Dominicana |
| 651 #4 - ENCABEZAMIENTO DE MATERIA--NOMBRE GEOGRÁFICO | |
| Nombre geográfico | República Dominicana |
| Subdivisión temática general | Política y gobierno |
| 910 ## - VALIDACIÓN | |
| Validación | VMateo |
| 942 ## - ADDED ENTRY ELEMENTS (KOHA) | |
| Source of classification or shelving scheme | Dewey Decimal Classification |
| Koha item type | Libros |
| Withdrawn status | Lost status | Source of classification or shelving scheme | Damaged status | Not for loan | Collection code | Home library | Current library | Date acquired | Source of acquisition | Full call number | Barcode | Date last seen | Price effective from | Koha item type | Copy number | Uniform Resource Identifier |
|---|---|---|---|---|---|---|---|---|---|---|---|---|---|---|---|---|
| Dewey Decimal Classification | Colección Dominicana | Biblioteca Pública Metropolitana Salomé Ureña | Biblioteca Pública Metropolitana Salomé Ureña | 05/06/2021 | Chiqui Vicioso | BPMSU CD 303.729307291 D473o 1991 | BPMSU21050012 | 05/06/2021 | 05/06/2021 | Libros | ||||||
| Dewey Decimal Classification | Colección Dominicana | Biblioteca Pública Metropolitana Salomé Ureña | Biblioteca Pública Metropolitana Salomé Ureña | 05/06/2021 | Chiqui Vicioso | BPMSU CD 303.729307291 D473o 1991 | BPMSU21050013 | 05/06/2021 | 05/06/2021 | Libros | e.2 | |||||
| Dewey Decimal Classification | Colección Dominicana | Biblioteca Pública Metropolitana Salomé Ureña | Biblioteca Pública Metropolitana Salomé Ureña | 05/06/2021 | Chiqui Vicioso | BPMSU CD 303.729307291 D473o 1991 | BPMSU21050014 | 05/06/2021 | 05/06/2021 | Libros | e.3 |